[Event "Petrov Memorial op"]
[Site "St Petersburg"]
[Date "2000.02.16"]
[Round "9"]
[White "Sergeev, Veniamin"]
[Black "Eliseev, Alexey"]
[Result "0-1"]
[WhiteElo "2425"]
[BlackElo "2325"]
[Annotator "Ribli,Z"]
[PlyCount "86"]
[EventDate "2000.02.05"]
[EventType "swiss"]
[EventRounds "9"]
[EventCountry "RUS"]
[SourceTitle "CBM 076"]
[Source "ChessBase"]
[SourceDate "2000.05.31"]
[SourceVersion "1"]
[SourceVersionDate "2000.05.31"]
[SourceQuality "1"]

1. d4 g6 2. c4 Bg7 3. Nc3 d6 4. e4 Nc6 {Meiner Meinung nach ist 4...Nf6
anstelle der Partiefortsetzung die beste Möglichkeit für Schwarz - mit
Übergang in die Königsindische Verteidigung. Die Alternativen - 4...c6, 4...c5,
4...f5?!, 4...Nd7 und der Partiezug sind allesamt schwächer als 4...Nf6. Die
beste Möglichkeit für Schwarz unter den "nicht-Königsindischen Fortsetzungen"
ist vielleicht 4...e5.} 5. Be3 (5. d5 $1 Nd4 6. Be3 c5 (6... e5 $6 {Führt
durch Zugumstellung in unsere Partie.}) 7. Nge2 Qb6) 5... e5 6. d5 Nd4 $6 {
Solange Schwarz hier zwischen Nd4 und Ne7wählen kann, muss er Nce7 spielen.
Die prinzipielle Frage ist der Zug 5.d5, wonach Weiß 5...Nd4 spielen muss(!).
Nach der Partiefortsetzung bekommt Weiß positionellen Vorteil.} (6... Nce7 7.
g4 (7. c5)) 7. Nge2 Nxe2 (7... c5 8. dxc6 Nxc6 9. Qd2 $16) 8. Bxe2 Nh6 {
Dieser Springerzug macht mir einen etwas unnatürlichen Eindruck. Die Idee von
Schwarz lautet f7-f5, und dafür stünde der Springer auf e7 noch schlechter.} (
8... Ne7 9. c5 O-O 10. O-O f5 11. f3 f4 12. Bf2 g5 13. Rc1 a6 14. cxd6 Qxd6 15.
Na4 b6 16. Qc2 Ra7 17. Rfd1 h5 18. Nc5 {1-0 Horvath,J-Poor,I/Hungary 1996/EXT
2000 (41)}) 9. f3 (9. c5 O-O 10. f3 f5 11. Qd2 Nf7 12. cxd6 cxd6 13. O-O Bd7
14. Rac1 a6 {1/2-1/2 Adamski,J-Suttles,D/Polanica Zdroj 1967/MCD (14)}) (9. h4
$5 {Das ist ein typisches Motiv für Stellungen, in denen der Springer auf h6
steht. Weiß möchte 10.h5 ziehen.} f5 10. Bg5 $14) (9. Qd2 Ng4 10. Bxg4 Bxg4 11.
c5 $14) 9... f5 {Jetzt haben wir eine für die Königsindische Verteidigung
typische Stellung. Weiß hat Übergewicht im Zentrum, er kann mit c4-c5 die
Stellung am Damenflügel öffnen, während Schwarz seine Gegenchancen am
Königsflügel sucht.} 10. Qd2 Nf7 (10... f4 11. Bf2 $14) 11. O-O-O f4 12. Bf2
Bf6 {Schwarz möchte den "schlechten" Läufer tauschen. Es ist richtig, der
Läufer auf g7 war eine passive Figur.} 13. Rhf1 (13. Kb1 $5 Bh4 14. Bxh4 (14.
g3 Bg5 15. gxf4 Bxf4 16. Be3) 14... Qxh4 15. g3 $14 fxg3 16. hxg3 Qxg3 17. Nb5
Kd8 18. c5 $44) 13... Bh4 14. Bg1 $14 {Auf diese Weise vermeidet Weiß den
Läufertausch - und der Bg1 hat eine gute Zukunft auf der Diagonale g1-a7 vor
sich.} b6 {Schwarz verhindert den Zug 15.c5.} 15. Bd3 {[%cal Gd3c2,Gc2a4,Ga4e8]
} (15. b4 a5 16. a3 $5) 15... a5 16. Bc2 O-O 17. Ba4 Bd7 {Positionell wäre
dieser Tausch vorteilhaft für Weiß - wenn der schwarze Läufer auf g7 stünde.
Danach müßte Weiß strategisch mit a3-b4-c5 fortsetzen, während Schwarz mit
g5-h5-g4 kommen wüfde. Es ist interessant, aber auch typisch für solche
Stellungen, dass man den Bauernsturm vor dem eigenen(!) König beginnt.} 18. Bb5
h5 19. Qc2 g5 20. Bc6 (20. Bxd7 $5 Qxd7 21. Ne2 {[%csl Rh4][%cal Rg2g3,Rg3h4]}
g4 22. g3 fxg3 23. hxg3 Bg5+ 24. f4 Bh6 25. Be3 $14) (20. Ne2 {[%csl Rh4][%cal
Rg2g3,Rg3h4]} Bxb5 21. cxb5 g4 22. g3 fxg3 23. hxg3 gxf3 24. Rxf3 Bg5+ 25. Kb1
Qd7 $132) 20... Rb8 (20... Bxc6 21. dxc6 {[%cal Gc3d5]}) 21. Qa4 $6 (21. Bxd7
Qxd7 22. Ne2 $14) 21... Bc8 $1 {Nachdem Weiß am Damenflügel schon viele Tempi
in den best möglichen Tausch des Läufers investiert hat, verschmäht Schwarz
den Abtausch. Jetzt stehen die weißen Figuren ein wenig überflüssig am
Damenflügel.} 22. Qb5 $6 (22. Ne2 $14) 22... g4 $132 23. c5 $6 dxc5 (23... gxf3
$5 24. gxf3 (24. Rxf3 Bg4 {[%cal Rg4d1]}) 24... Bh3 25. cxb6 cxb6 26. Na4 Bxf1
27. Rxf1 Qg5 $17) 24. Bxc5 Be7 (24... Nd6 25. Bxd6 (25. Qb3 Rf7 (25... Ba6 26.
Bxd6 cxd6 27. Bb5 $14)) 25... cxd6 $11 (25... Qxd6 $11)) 25. d6 {[%mdl 512]
Weiß opfert einen Bauern und bekommt die Kontrolle über das Feld d5.} (25. Bg1
$13) 25... Bxd6 (25... cxd6 26. Ba3 $44) (25... Nxd6 $5 26. Qb3+ Kh8 27. Ba3
$44 {Weiß hat etwas Kompensation, aber ich bin mir nicht sicher, ob das
ausreichend ist.}) 26. Bxd6 cxd6 27. Bd5 $44 {[%csl Gd5][%cal Gd5g8] Der Bd5
steht aktiv und nach dem anschließenden Bxf7 verliert der Pd6 eine wichtige
Verteidigungsfigur..} Kg7 28. Bxf7 (28. Kb1 $44) 28... Rxf7 29. Qxe5+ {Das ist
ein schöner und scheinbar guter Zug, in Wirklichkeit aber hilft er nur dem
Gegner.} (29. Rd2 $44) 29... dxe5 30. Rxd8 {[#]} Ba6 $1 $15 {Die Pointe! Der
Rf1 hängt, und Schwarz steht am Königsflügel viel aktiver.} 31. Rfd1 (31. Rxb8
Bxf1 $17) 31... Rxd8 32. Rxd8 Bf1 {[%csl Gf1][%mdl 4096]} 33. Rd2 g3 34. h4 {
Der Pg2 ist verteidigt, der Königsflügel geschlossen, aber Schwarz hat immer
etwas Aktivität.} (34. hxg3 fxg3 $17 {[%csl Gh5][%cal Gh5h4,Gh4h3]}) 34... b5
$1 35. Kd1 (35. a3 Rc7 $15) 35... Rc7 36. Ke1 $6 (36. Nd5 $5 Rc5 $15) 36... Bc4
$17 {[%csl Gc4] Der Läufer steht ausgezeichnet auf c4 - es droht 37...b4 und
im Falle von Nd5 kann der Läufer den Springer tauschen und so in ein für
Schwarz deutlich besseres Turmendspiel überleiten.} 37. Nd5 (37. b3 $2 Bxb3 $19
) 37... Rd7 38. b3 (38. a3 Kf7 $17) 38... Bxd5 39. exd5 (39. Rxd5 $2 {Dieser
Zug verliert wegen des schwachen Pd5 sofort.} Rxd5 40. exd5 b4 $1 41. Ke2 Kf7
42. Kd3 Ke7 43. Ke4 Kd6 $22 $19) 39... Kf6 {[%cal Rf6f5,Re5e4] Das Eingreifen
des Königs entscheidet die Partie - gegen Kf5- e4 ist Weiß machtlos.} 40. Rc2 (
40. Ke2 Kf5) 40... Rxd5 41. Rc6+ Kf7 42. Rh6 $2 (42. Ke2 $17) 42... Rc5 {
[%csl Gc5][%cal Gc5c1]} 43. Kd2 $2 (43. Rxh5 Rc1+ 44. Kd2 Rg1 45. Rxe5 Rxg2+
46. Kd3 (46. Ke1 Rxa2 $19) 46... Rg1 {[%csl Gg3]} 47. Re2 Rh1 48. Ke4 Rxh4 $17)
43... e4 $19 {Weiß gab auf - es droht exf3-gxf3 g2 und Weiß bleibt keine
Verteidigung.} (43... e4 44. fxe4 f3 45. gxf3 g2 $19) 0-1

[Event "Yerevan"]
[Site "Yerevan"]
[Date "1996.??.??"]
[Round "11"]
[White "Epishin, Vladimir"]
[Black "Ehlvest, Jaan"]
[Result "0-1"]
[WhiteElo "2645"]
[BlackElo "2660"]
[Annotator "Ribli,Z"]
[PlyCount "68"]
[EventDate "1996.04.??"]
[EventType "tourn"]
[EventRounds "11"]
[EventCountry "ARM"]
[EventCategory "15"]
[SourceTitle "CBM 053"]
[Source "ChessBase"]
[SourceDate "1996.08.01"]
[SourceVersion "1"]
[SourceVersionDate "1996.08.01"]
[SourceQuality "1"]

1. d4 {Dolmatov Petursson} g6 2. c4 Bg7 3. e4 d6 4. Nf3 e5 5. Nc3 exd4 6. Nxd4
Ne7 $5 {In der letzten Zeit kommt dieser Zug in die Mode. Schwarz will erst c5
und nur dann Nbc6 spielen, und er hat keine Angst vor den geschwaechten
d6-Bauern. Die "alte" Alternative ist 6... Nc6.} 7. Be3 (7. h4 $5 O-O 8. h5 c5
9. Ndb5 Nbc6 10. Bg5 $5 (10. hxg6 fxg6 11. Be3 a6 (11... Be5 $5 12. Qd2 a6 13.
f4 axb5 14. fxe5 b4 15. Nb5 Nxe5 16. Nxd6 b6 $13 {Azmaiparashvili}) 12. Nxd6
Qa5 13. Nxc8 Raxc8 14. Qd2 Nb4 $1 $44 {Cvitan,O-Azmaiparashvili,Z/Tilburg/1993/
CBM39/INF59,76/}) 10... Qa5 11. Qxd6 a6 12. Bf6 $1 $36 {Wells,P-Ledger,A/
Hastings op/1994/}) 7... O-O (7... Nbc6 8. Be2 O-O 9. h4 f5 10. h5 f4 11. Nxc6
bxc6 12. Bd4 Bxd4 13. Qxd4 c5 14. Qd2 g5 15. g3 h6 16. gxf4 $14 {Lautier,
J-Benjamin,J/Amsterdam/1994/}) 8. h4 $146 (8. Qd2 Nbc6 9. h4 f5 10. Nxc6 bxc6
11. h5 fxe4 12. hxg6 Nxg6 13. Nxe4 Rb8 $13 {Ostenstad,B-Sokolov,A/Gausdal/1996/
EXP51/}) 8... c5 9. Nb3 (9. Ndb5 Nbc6 10. Nxd6 Qa5 $13) 9... Nbc6 10. Qd2 Be6
11. h5 Nc8 12. O-O-O a5 $5 {Droht /\ a4,a3} 13. Bh6 {Selbstverstaendlich will
der Anziehende den schwarzfeldrigen Laeufer abtauschen und dann die etwas
bruechige schwarze Koenigfestung erstuermen.} Bh8 $1 {Ein exzellentes
Qualitaetsopfer, mit dem Schwarz den ganzen weissen Angriff lahmlegen will.
Solche Zuege hat damals der armenische Weltmeister Tigran Petrosian mehrmals
gespielt.} (13... a4 $5 {Dolmatov} 14. Bxg7 axb3 15. Bxf8 (15. hxg6 bxa2 16.
gxh7+ (16. Qh6 a1=Q+ 17. Kc2 Nb4+ 18. Kb3) 16... Kxg7) 15... bxa2 16. Nxa2 Rxa2
17. Kb1 Nb4 18. hxg6 Ra1+ 19. Kxa1 Qa5+ $19) 14. Qe3 {/\ Nxc5} (14. Bxf8 Qxf8
15. hxg6 fxg6 16. Qh6 Qf7 $44) 14... Qe7 (14... a4 15. Nxc5) 15. Nd5 (15. Bxf8
Qxf8 $44) (15. hxg6 {Dolmatov} fxg6 16. Nd5 Qf7 17. Bxf8 Kxf8 $44) 15... Bxd5
16. hxg6 $2 {Eine verfehlte Kombination.} (16. exd5 Qf6 17. Rd2 Ne5 $13 (17...
Ne5 {Dolmatov} 18. Be2 (18. Bxf8 Kxf8 19. hxg6 a4 $5) 18... a4 $132) (17... a4
{Petursson} 18. dxc6 axb3 19. cxb7 Rxa2 20. Qxb3 $18)) 16... Bxe4 $1 {
Höchstwahrscheinlich hat Epishin mit diesem starken Zug nicht gerechnet. Er
konnte nicht glauben, dass der ganze schwarze Koenigfluegel im Feuer steht,
dann hat Ehlvest Zeit, seinen Laeufer noch zu retten.} (16... fxg6 {Dolmatov}
17. Bxf8 Qxf8 18. cxd5 $16) 17. Bxf8 (17. g7 Bxg7 18. Bxg7 Kxg7 19. Qh6+ Kh8
$19 {Jetzt deckt den e4-Laeufer den h7-Bauern.}) (17. gxh7+ Bxh7 18. Qxe7 (18.
Qg3+ Bg6 19. Bxf8 Qxf8 $17) 18... N8xe7 $17) 17... Kxf8 18. gxf7 (18. Rxh7 Bg7
19. Bd3 Bxg6 20. Bxg6 Qxe3+ 21. fxe3 fxg6 $19) (18. Re1 Bxg6 $1 19. Qh6+ Bg7
$19) 18... a4 $1 {Schwarz hat Materialvorteil und jetzt rollt noch dazu sein
Angriff unaufhaltsam voran. Weiss ist hilflos.} 19. Nxc5 (19. Na1 a3 $19) (19.
Nd2 Qe5 $19) 19... dxc5 20. Bd3 Bxd3 21. Qxd3 Qf6 22. Rd2 N8e7 23. Qxh7 Bg7 {
Droht /\ a3} 24. a3 Nd4 25. Kb1 Kxf7 {Droht /\ Rh8} 26. Qh5+ Qg6+ (26... Kf8
$19 27. Qxc5 Nb3) 27. Ka2 Qxh5 28. Rxh5 b6 29. Rd3 Ng6 30. Rg3 Nf4 31. Rh4 Nfe6
32. Rh7 Rb8 33. Rg4 b5 34. cxb5 Rxb5 {Ribli} 0-1

[Event "UKR-ch 73rd"]
[Site "Kharkov"]
[Date "2004.08.24"]
[Round "1.1"]
[White "Zhukova, Natalia"]
[Black "Areshchenko, Alexander"]
[Result "1/2-1/2"]
[WhiteElo "2475"]
[BlackElo "2575"]
[Annotator "Ribli,Z"]
[PlyCount "55"]
[EventDate "2004.08.03"]
[EventType "k.o."]
[EventRounds "5"]
[EventCountry "UKR"]
[SourceTitle "CBM 103"]
[Source "ChessBase"]
[SourceDate "2004.11.11"]
[SourceVersion "1"]
[SourceVersionDate "2004.11.11"]
[SourceQuality "1"]

1. d4 d6 2. Nf3 g6 3. g3 Bg7 4. Bg2 Nd7 5. c4 e5 6. Nc3 Ne7 {Dieser
Springerzug hat selbständige Bedeutung, 6...Ngf6 führt zur Königsindischen
Verteidigung.} 7. O-O O-O 8. e4 exd4 9. Nxd4 Nc6 10. Nde2 {Mit Raumvorteil
Weiss muss die Figuren auf dem Brett halten. Im Falle von 10.Nxc6 bxc6 könnte
Schwarz später c6-c5 ziehen.} a6 {Dieser Zug wird selten gespielt. Im
folgenden möchte Schwarz b7-b5 ziehen, mit Gegenchancen am Damenflügel.} (10...
Re8 11. b3 Nc5 12. Be3 a6 13. Rc1 Bd7 14. Qd2 Rb8 15. Rfd1 {0-1 Adly,A-Nanu,C/
Tanta City EGY 2003/(83)}) (10... Nc5 11. b3 f5 12. exf5 Bxf5 13. Be3 Qd7 14.
Qd2 Bh3 15. Rad1 Bxg2 16. Kxg2 Qf7 17. Nd4 {1/2-1/2 Richter,C-Belkhodja,S/
Germany 2004/CBM 100 ext (44)}) (10... a5 11. h3 Nc5 12. Be3 Re8 (12... a4 13.
Qc2 Nb4 14. Qd2 Be6 15. Nd5 Nbd3 16. Bd4 c6 17. Bxg7 Kxg7 18. Qc3+ f6 19. Ndf4
{1-0 Dobrov,V-Jurkovic,A/Nova Gorica SLO 2004//(47)'}) (12... Be6 13. b3 a4 14.
Rb1 axb3 15. axb3 f5 16. Kh2 Nxe4 17. Nxe4 fxe4 18. Bxe4 Bf5 19. Bxf5 Rxf5 20.
Nd4 Nxd4 21. Bxd4 Ra2 22. Ra1 Rxa1 23. Qxa1 Qf8 24. Kg2 {1/2-1/2 Velickovic,
Z-Sebenik,M/Maribor SLO 2004/(31)}) 13. f4 (13. b3) 13... Be6 14. b3 Nxe4 $5
15. Bxe4 Bf5 16. Bxf5 Rxe3 17. Nd5 Rxe2 18. Qxe2 Nd4 19. Qd3 (19. Qf2 $5) 19...
Nxf5 {0-1 Vakhidov,T-Nisipeanu,L/Dubai UAE 2004/(42) '©' Ribli.}) (10... Nde5)
11. Rb1 (11. f4 Re8 12. Rb1 Rb8 13. a4 Nb4 14. Be3 f5 15. Ba7 Ra8 16. Bd4 Nf6
17. e5 dxe5 18. Bxe5 Qe7 19. Qb3 Be6 20. Nd4 Qc5 21. Nce2 Ng4 {0-1 Richardson,
J-McNab,C/Birmingham 2002/CBM 84 ext (32)}) (11. h3 Nde5 12. b3 b5 13. cxb5
axb5 14. Bb2 Nb4 15. Nc1 Bb7 16. f4 Nec6 17. a3 Na6 18. b4 Nab8 19. N1e2 Nd7
20. Qb3 Na7 21. Nd5 {1/2-1/2 Jirovsky,P-Hasangatin,R/Pardubice 1997/CBM 59 ext
(35)}) 11... Rb8 {[%cal Gb7b5]} 12. b3 (12. a4 Nde5 13. b3 Nb4 $11) 12... b5 {
[%mdl 4]} 13. cxb5 axb5 14. Bb2 (14. e5 $2 {Dieses Bauernopfer ist interessant,
aber nicht korrekt.} Ncxe5 (14... Ndxe5 15. f4 $18 {[%csl Rc6,Re5]}) 15. f4 b4
$17 (15... Ng4 16. Nd4 Bxd4+ 17. Qxd4 Ndf6 18. Bb2 $44)) (14. b4 Nde5 $11)
14... Re8 $11 {Weiss hat einen kleinen Vorteil im Zentrum, aber die schwarzen
Figuren stehen aktiv und er hat eine gute Kontrolle über die dunkelfarbigen
Punkte.} 15. Nd5 (15. Qd2 b4 (15... Nc5 16. Nd5 Bxb2 17. Qxb2 Ne5 18. f4 $14)
16. Nd5 Bxb2 17. Rxb2 Bb7 (17... Nc5 18. Nd4 Bb7 19. Nxc6 Bxc6 20. Nxb4 Bxe4
21. Nc6 Bxc6 22. Bxc6 $14) 18. f3 (18. Nd4 Nxd4 19. Qxd4 c5 20. Qd2 Nf6 $15) (
18. Nxb4 Nxb4 19. Qxb4 Bxe4 $15) 18... Nc5 $11) 15... Bxb2 16. Rxb2 Nf6 17.
Nxf6+ {Dieser Tausch erleichtert die schwarze Aufgabe. Besser wäre es, den
d5-Springerposten halten.} (17. Nef4 $5 $14) 17... Qxf6 18. Rc2 Bb7 19. Nf4 {
[%csl Yd5][%cal Gf4d5]} Nd4 20. Rxc7 Bxe4 {Weiss hat die bessere
Bauernstruktur, aber wegen des reduzierten Materials ist das Remisergebnis
ganz in der Nähe.} 21. Nd5 Ne2+ {[%mdl 2048]} (21... Bxd5 22. Bxd5 Ne6 23. Rd7
Rbd8 24. Rxd8 (24. Bc6 Nd4 25. Rxd8 Rxd8 $11) 24... Rxd8 25. Re1 $14) 22. Qxe2
(22. Kh1 Qe6 $11) 22... Bxd5 23. Qd3 Bxg2 24. Kxg2 Ra8 {[%cal Ra8a2]} 25. Rc2 (
25. Qxb5 Re5 26. Qd3 Rxa2 27. Qd4 Re6 $11) (25. Rd7 Rxa2 (25... Re6 $11) 26.
Rxd6 Re6 27. Rxe6 Qxe6 28. Qxb5 Rb2 $11) 25... Qe5 26. Rd1 Ra6 27. Qf3 Qe4 28.
Qxe4 1/2-1/2

[Event "RUS-chT 07th"]
[Site "Smolensk"]
[Date "2000.04.19"]
[Round "5"]
[White "Khasin, Alexander"]
[Black "Terentiev, Vitaly G"]
[Result "1-0"]
[WhiteElo "2529"]
[BlackElo "2393"]
[Annotator "Ribli,Z"]
[PlyCount "101"]
[EventDate "2000.04.15"]
[EventType "team-tourn"]
[EventRounds "11"]
[EventCountry "RUS"]
[SourceTitle "CBM 077"]
[Source "ChessBase"]
[SourceDate "2000.07.27"]
[SourceVersion "1"]
[SourceVersionDate "2000.07.27"]
[SourceQuality "1"]
[WhiteTeam "Tomsk 400"]
[BlackTeam "Voronezh OShK"]
[WhiteTeamCountry "RUS"]
[BlackTeamCountry "RUS"]

1. g3 g6 2. c4 Bg7 3. Nf3 d6 4. Nc3 e5 5. Bg2 Ne7 6. d4 Nd7 7. O-O O-O {
Stümde der scjwarze Königsspringer auf f6, hätten wir die Grundstellung der
g3-Variante der Königsindischen Verteidigung. Von e7 aus kann der Springer
nach c6 ziehen.} 8. e4 exd4 (8... Nc6 9. Bg5 f6 10. Be3 $14) 9. Nxd4 {Weiß hat
Raumvorteil und Übergewicht im Zentrum.} Nc6 10. Nde2 (10. Nxc6 bxc6 11. Qc2 (
11. Bd2 $11) 11... Ne5 12. b3 Qf6 13. Bb2 Nf3+ 14. Kh1 Bg4 $11) 10... Nc5 (
10... a5 11. b3 Nc5 12. Be3 f5 (12... a4 13. Rb1 $14) 13. Rc1 $14) 11. Be3 f5 (
11... a5 12. Qc2 Nb4 13. Qd2 Be6 14. Nd5 c6 15. Nxb4 axb4 16. Qxb4 Ra4 17. Qd2
Bxc4 18. Rfe1 Bxe2 19. Qxe2 Rb4 20. e5 Na4 21. b3 Nc3 22. Qd2 Bxe5 23. Rac1 Qf6
24. f4 Rd4 25. fxe5 Rxd2 26. exf6 Ne2+ 27. Kf1 {1-0 Smejkal,J-Seret,J/La
Valetta 1980/EXT 2000 (27)}) (11... Bg4 12. h3 Be6 13. b3 Qd7 14. Kh2 Rfe8 15.
Qd2 {1-0 Neckar,L-Djurkovic,M/Werfen 1994/EXT 98 (36)}) (11... Ne5 12. b3 b6
13. f4 Ng4 14. Bd4 Bb7 15. Nd5 Nf6 16. Nec3 {1-0 Hjartarson,J-Stefansson,H/
Reykjavik 1995/CBM 51 ext (39)}) 12. exf5 (12. Qd2 fxe4 13. Nxe4 Nxe4 14. Bxe4
Bh3 15. Rfe1 Qf6 16. Nf4 Bf5 17. Nd5 Qxb2 18. Qxb2 Bxb2 19. Bxf5 gxf5 20. Rab1
Bg7 21. Rxb7 Ne5 22. Rd1 Nxc4 23. Rxc7 Nxe3 24. fxe3 $14 {[%csl Gd5] 1-0 Panno,
O-Vidal,J/Mar del Plata 1998/CBM 63 ext (59)}) 12... Bxf5 13. Qd2 {[%csl Yd5]
Weiß übt positionellen Druck aus und kontrolliert das Zentrumsfeld d5.} a5 14.
Rad1 {[%cal Gd1d8]} (14. Nd4 Nxd4 15. Bxd4 Bxd4 16. Qxd4 Qf6 17. Qxf6 Rxf6 18.
Nd5 Rf7 19. b3 Re8 20. Rfe1 Rxe1+ 21. Rxe1 Kf8 22. f4 {[%csl Gd5][%cal Ge1e8]
1-0 Vaulin,A-Vadasz,L/Kecskemet 1992/EXT 98 (41)}) 14... Kh8 (14... a4 15. Nd4
Nxd4 16. Bxd4 Bxd4 17. Qxd4 Qf6 18. Nb5 $1 Qxd4 19. Rxd4 Rac8 20. Re1 Bd7 21.
Re7 $14 {Ribli. 1-0 Nikolic,P-Damljanovic,B/Manila 1990/CBM 19/[Ribli] (42)})
15. Nd4 Nxd4 (15... Bd7 16. f4 $14) (15... Ne5 $2 16. Nxf5 Rxf5 (16... gxf5 17.
Bxc5 dxc5 18. Qe3 $16) 17. Bxc5 Nxc4 18. Qc1 Rxc5 19. Na4 $18) 16. Bxd4 Bxd4
17. Qxd4+ $14 {[%csl Yd5][%cal Gg2a8] Weiß hat eine freie Stellung - der Bg2
wirkt stark auf der großen Diagonalen. Aber auch in der schwarzen Stellung
gibt es keine Schwächen.} Qf6 18. Qxf6+ $6 {Dadurch hilft Weiß seinem Gegner,
die Türme zu verdoppeln. Logischer wäre der sofortige Springerzug nach b5.} (
18. Nb5 $142 $5 $14) 18... Rxf6 19. Rfe1 Re6 $5 (19... Raf8 $14) 20. Nb5 {
[%mdl 32] Das ist der Schlüsselzug in solchen Stellungen - Weiß bekommt
fühlbar Druck am Damenflügel.} (20. Rxe6 Bxe6 $11 (20... Nxe6 21. Nb5 $16 {
[%csl Gb5,Rb7,Rc7,Rd6][%cal Gg2a8]} (21. Bxb7 Rb8 22. Bd5 Rxb2 $11))) 20...
Rae8 21. Rxe6 Rxe6 22. Nd4 (22. Nxc7 Re2 23. a3 Rxb2 24. Nb5 Bd3 25. Nxd6 b6
$44) 22... Re7 (22... Rf6 23. Re1 $14) 23. Nxf5 gxf5 $11 {[%csl Gc5] Es ist
zwar richtig, dass Weiß die bessere Bauernstruktur besitzt, aber der schwarze
Nc5 steht ausgezeichnet und kontrolliert den gesamten Damenflügel. Der
theoretisch schwache Pf5 ist leicht zu verteidigen.} 24. Kf1 Kg7 (24... f4 25.
gxf4 Kg7 $44) 25. f4 {Weiß legt die Schäche f5 fest.} Re6 26. Rd5 Rf6 (26...
Kf6 $2 27. Bh3 $16) 27. b3 c6 28. Rd2 {Diese Endspielstellung ist typisch für
die Holländische Eröffnung. Der weiße Läufer hat - bis jetzt - keine aktiven
Möglichkeiten.} Re6 29. Re2 Kf6 (29... Ne4 $5 30. g4 (30. Bxe4 fxe4 31. g4 d5
$13) 30... Nc5 (30... Kf6 $2 31. gxf5 Kxf5 32. Bh3+ $18) 31. g5 (31. Rxe6 $2
Nxe6 32. gxf5 Nxf4 $17 {[%csl Rf5]}) 31... Kg6 32. Bf3 Ne4 $11) 30. Rxe6+ Kxe6
{[%mdl 4096]} 31. Ke2 h6 32. Ke3 Kf6 {Schwarz hat zwar keine aktiven
Möglichkeiten, aber der Nc5 verteidigt alles, und da das Material reduziert
ist, scheint ein Remis wahrscheinlich.} 33. Bf3 Kg6 34. Kd4 Kf6 35. Kc3 Ke6 (
35... Ne4+ 36. Kb2) 36. b4 $1 $14 {Nach diesem starkem Zug kann Weiß am
Damenflügel eindringen.} (36. a3) 36... axb4+ (36... Ne4+ $2 37. Kd3 (37. Kd4
$2 Nd2 $17) 37... axb4 (37... Nf2+ 38. Ke3 Ng4+ 39. Bxg4 fxg4 40. bxa5 $18) 38.
Bxe4 fxe4+ 39. Kxe4 $18) 37. Kxb4 Nd7 38. Ka5 {[%csl Ga5]} d5 $6 {Schwarz
verliert die Geduld und möchte in einem Endspiel, in dem es gilt, sich präzise
zu verteidigen, aktiv spielen.} (38... Kf6 39. Bh5 Ke6 $14) 39. cxd5+ cxd5 40.
Kb5 {[%csl Gb7,Gd5,Gf5] Jetzt hat Schwarz schon drei potentielle Schwächen auf
der Farbe des gegnerischen Läufers.} Kd6 41. Bh5 Ke6 (41... Nf6 $5 42. Bg6 (42.
Bd1 Ne4 (42... Nd7 $14) 43. Kb6 d4 (43... Nc3 $1 $132 44. Bb3 $6 (44. Bc2 Nxa2
45. Bxf5 d4 46. g4 (46. Kb5 Kd5) 46... Nc3 $11) 44... d4 45. Bc4 (45. Kxb7 d3
46. a4 Kc5 {[%csl Rb3,Gc5]} 47. a5 Kb4 48. a6 Kxb3 49. a7 d2 $19) 45... Na4+
46. Kxb7 d3 47. Bxd3 Nc5+ 48. Kb6 Nxd3 49. a4 Kd7 50. a5 Kc8 51. Kc6 $11) 44.
Bc2 Kd5 45. Bd3 Nf2 46. Bxf5 d3 47. Bc8 Kd4 48. Bxb7 d2 49. Bf3 d1=Q 50. Bxd1
Nxd1 51. a4 $18) 42... Ng4 43. Bxf5 Nxh2 $11) 42. Bd1 Kd6 43. Bc2 Ke6 44. a4
Kf6 45. a5 h5 $2 (45... Ke6 $14) 46. Bd1 $18 h4 (46... Kg6 47. Bf3 Nf6 48. Kb6
$18) 47. gxh4 {[%csl Gh2,Gh4] Weiß hat einen ernfernten Freibauern, und sein
Läufer kann alle schwarzen Bauern angreifen.} d4 48. Bc2 {Auf diese Weise
blockiert Weiß den schwarzen d-Bauern und nimmt gleichzeitig den Pf5 ins
Visier.} Nf8 49. Kb6 Ne6 50. Kxb7 d3 51. Bd1 (51. Bd1 $18) (51. Bxd3 Nc5+ 52.
Kb6 Nxd3 53. a6 $18) 1-0